[Event "chess.com SpeedChess 2024"]
[Site "chess.com INT"]
[Date "2024.07.31"]
[Round "1.10"]
[White "Sarana, A.."]
[Black "Caruana, F.."]
[Result "0-1"]
[WhiteElo "2717"]
[BlackElo "2796"]
[PlyCount "130"]
[EventDate "2024.07.25"]
[EventType "k.o."]

1. d4 Nf6 2. c4 e6 3. Nc3 Bb4 4. e3 b6 5. Nge2 Ba6 6. Qa4 Be7 ({RR} 6... c5 7. a3 Bxc3+ 8. Nxc3 O-O 9. d5 exd5 10. cxd5 Bxf1 11. Rxf1 d6 12. f3 Nbd7 13. e4 Ne5 14. Qc2 b5 15. Bf4 Re8 16. Nxb5 Nxd5 17. Bxe5 Rxe5 18. Qd2 Rb8 19. Nc3 Nb6 20. Rf2 d5 21. Qf4 {Sarana,A (2717)-Caruana,F (2796) chess.com INT 2024 1-0 (62)}) ({RR} 6... c5 7. a3 Bxc3+ 8. Nxc3 cxd4 9. exd4 Qc8 10. Bg5 Qc6 11. Qxc6 Nxc6 12. O-O-O Na5 13. Nb5 Bxb5 14. cxb5 Ne4 15. Bh4 d5 16. Bd3 Nd6 17. Kb1 Kd7 18. Bg3 Rhc8 19. h4 h6 20. h5 Nac4 21. Rh4 {Zuferi,E (2375)-Holzhaeuer,M (2222) Germany GER 2024 1-0 (41)}) 7. e4 $146 ({RR} 7. Nf4 O-O 8. e4 c6 9. e5 Ne8 10. Bd3 d5 11. Qc2 h6 12. cxd5 Bxd3 13. Qxd3 cxd5 14. O-O Nc6 15. Re1 Nb4 16. Qe2 Rc8 17. Be3 Kh7 18. Rad1 g6 19. Bc1 Ng7 20. Qd2 Rh8 21. Nh3 Kg8 {Likavsky,T (2366)-Lancz,O (2064) Nove Zamky 1999 1-0 (88)}) 7... Bb7 8. Qc2 d6 9. d5 O-O 10. Nd4 Bc8 11. Be2 e5 12. Nc6 Nxc6 13. dxc6 Qe8 14. Nd5 Bd8 15. Nxf6+ Bxf6 16. Qa4 Bb7 17. Be3 Qxc6 18. Qxc6 Bxc6 19. f3 a5 20. b3 g6 21. h4 h5 22. Bd3 Kg7 23. Ke2 Bd7 24. Rag1 Rh8 25. Kd2 Be6 26. g3 Be7 27. f4 Bg4 28. Rf1 Bf6 29. Rf2 exf4 30. gxf4 Rhe8 31. Kc2 Re7 32. Bd2 Rae8 33. Rff1 Bd7 34. f5 Bc6 35. fxg6 fxg6 36. e5 dxe5 37. Rhg1 e4 38. Be2 e3 39. Bc3 Bxc3 40. Kxc3 Re5 41. Rg3 R8e6 42. Rfg1 Be8 43. a3 c5 44. b4 axb4+ 45. axb4 Bf7 46. bxc5 bxc5 47. Rb1 Re4 48. Bxh5 e2 49. Re1 R6e5 50. Bf3 Rxc4+ 51. Kd2 Rd4+ 52. Kc2 Bc4 53. h5 g5 54. Bg4 Kh6 55. Rg2 Rf4 56. Rgg1 Rfe4 57. Rg2 Be6 58. Bxe6 Rxe6 59. Rh2 g4 60. Kd3 c4+ 61. Kc3 R6e5 62. Rg2 Kxh5 63. Rh2+ Kg5 64. Rh8 Kf4 65. Rf8+ Ke3 0-1

[Event "chess.com SpeedChess 2024"]
[Site "chess.com INT"]
[Date "2024.07.31"]
[Round "1.4"]
[White "Sarana, A.."]
[Black "Caruana, F.."]
[Result "1-0"]
[WhiteElo "2717"]
[BlackElo "2796"]
[PlyCount "101"]
[EventDate "2024.07.25"]
[EventType "k.o."]

1. d4 Nf6 2. c4 e6 3. Nc3 Bb4 4. e3 b6 5. Nge2 Ne4 6. Bd2 Nxd2 7. Qxd2 Bb7 8. a3 Be7 9. d5 d6 10. g3 Nd7 11. Bg2 a5 12. b3 O-O 13. O-O e5 14. b4 $146 ({RR} 14. Nb5 Re8 15. Qc2 Bf8 16. Nec3 Nf6 17. Bh3 g6 18. e4 h5 19. b4 Bc8 20. Bxc8 Qxc8 21. Qe2 Qd7 22. Rfd1 Kg7 23. Rac1 h4 24. Kg2 Be7 25. h3 hxg3 26. fxg3 Rh8 27. Rh1 Rh5 28. Rcf1 axb4 {Supatashvili,K (2465)-Gaprindashvili,V (2245) Pasanauri 1997 0-1 (41)}) 14... Bc8 15. Nb5 h5 16. f4 Bf6 17. Nec3 Re8 18. Rae1 axb4 19. axb4 exf4 20. exf4 Rxe1 21. Rxe1 Nf8 22. Ne4 Be7 23. Nd4 Bd7 24. Nc6 Bxc6 25. dxc6 Bf6 26. Ng5 Bxg5 27. fxg5 Ng6 28. Bd5 Ne5 29. g6 Qf6 30. gxf7+ Kf8 31. Rf1 Qg6 32. Kg2 Ra3 33. c5 bxc5 34. bxc5 Ra8 35. Qd4 Ng4 36. Be4 Qg5 37. Rf4 Ra2+ 38. Kg1 Nxh2 39. Qc3 h4 40. Qb3 Ra8 41. cxd6 hxg3 42. Rf5 Qc1+ 43. Kg2 Qd2+ 44. Kxg3 Qxd6+ 45. Kh3 Qh6+ 46. Kg2 Ng4 47. Qb4+ Qd6 48. Qxd6+ cxd6 49. Rb5 Nf6 50. c7 Rc8 51. Rb8 1-0

[Event "chess.com SpeedChess 2024"]
[Site "chess.com INT"]
[Date "2024.07.31"]
[Round "1.8"]
[White "Sarana, A.."]
[Black "Caruana, F.."]
[Result "1-0"]
[WhiteElo "2717"]
[BlackElo "2796"]
[PlyCount "63"]
[EventDate "2024.07.25"]
[EventType "k.o."]

1. d4 Nf6 2. c4 e6 3. Nc3 Bb4 4. e3 b6 5. Nge2 Ne4 6. Bd2 Nxd2 7. Qxd2 Bb7 8. a3 Be7 9. d5 d6 10. O-O-O $146 ({RR} 10. dxe6 fxe6 11. Nf4 Qd7 12. Be2 e5 13. Nfd5 Bd8 14. Ne4 O-O 15. Rd1 Qe6 16. O-O Na6 17. b4 Kh8 18. Bf3 c6 19. Ndc3 Be7 20. b5 cxb5 21. cxb5 Rxf3 22. bxa6 Bxe4 23. Nxe4 Rff8 24. Nc3 Rac8 {Kolb,T (2342)-Harshavardhan,G (2405) Schwaebisch Gmuend GER 2025 1-0 (37)}) ({RR} 10. g3 Nd7 11. Bg2 a5 12. b3 O-O 13. O-O e5 14. b4 Bc8 15. Nb5 h5 16. f4 Bf6 17. Nec3 Re8 18. Rae1 axb4 19. axb4 exf4 20. exf4 Rxe1 21. Rxe1 Nf8 22. Ne4 Be7 23. Nd4 Bd7 24. Nc6 Bxc6 {Sarana,A (2717)-Caruana,F (2796) chess.com INT 2024 1-0 (51)}) 10... Nd7 11. Kb1 O-O 12. h4 Bf6 13. g4 Bxc3 14. Nxc3 Nc5 15. h5 h6 16. f4 a5 17. Rg1 exd5 18. cxd5 Re8 19. g5 hxg5 20. Rxg5 Qf6 21. Bd3 Kh8 22. Rdg1 Rg8 23. Bc2 a4 24. e4 Rae8 25. Qh2 Qh6 26. e5 dxe5 27. fxe5 Ba6 28. Nxa4 Bc4 29. Nxc5 bxc5 30. e6 Rb8 31. exf7 Rxb2+ 32. Kxb2 1-0

[Event "Titled Tue 25th Jun Early"]
[Site "chess.com INT"]
[Date "2024.06.25"]
[Round "11"]
[White "Sarana, A.."]
[Black "Caruana, F.."]
[Result "1/2-1/2"]
[WhiteElo "2712"]
[BlackElo "2805"]
[PlyCount "114"]
[EventDate "2024.06.25"]

1. d4 {Lautier,Joel} Nf6 2. c4 e6 3. Nc3 Bb4 4. e3 b6 5. Bd3 Bb7 6. Nf3 O-O 7. O-O c5 8. Bd2 ({RR} 8. Na4) 8... cxd4 ({RR} 8... d6) 9. exd4 d5 10. cxd5 Nxd5 ({RR} 10... Bxc3 11. bxc3 Qxd5 12. Re1 Nbd7 13. Qe2 Qh5 14. a4 a6 15. Reb1 Rfd8) 11. Ne5 ({RR} 11. Rc1 Nc6 ({RR} 11... Nd7 12. Re1 N7f6) 12. Re1 ({RR} 12. Qe2) 12... Rc8 ({RR} 12... Nf6 13. Bg5) 13. Re4 Nce7 ({RR} 13... Be7 14. Nxd5 ({RR} 14. Rg4 Nf6 15. Rh4) 14... Qxd5 15. Rg4 Nb4 16. Be4 Qh5 17. Ne5) ({RR} 13... Nxc3 14. bxc3 Be7 ({RR} 14... Ba3 15. Rb1)) 14. Nxd5 ({RR} 14. Rh4 Ng6 15. Rh3 Ndf4 16. Bxf4 Nxf4 17. Bxh7+ Kh8 18. Rh4 Bxf3) 14... Nxd5 ({RR} 14... Bxd2 15. Nxe7+ Qxe7 16. Qxd2 Bxe4 17. Bxe4) ({RR} 14... exd5 15. Rh4) 15. Rh4 g6 ({RR} 15... h6 16. Rxc8 Qxc8 17. Ne5) ({RR} 15... Bxd2 16. Bxh7+ Kh8 17. Qxd2) ({RR} 15... f5 16. Rh3) 16. Rxc8 Qxc8 ({RR} 16... Bxc8 17. Bxb4 ({RR} 17. Ng5 Bxd2 18. Qxd2 h5 19. Nf3) 17... Nxb4 18. Qd2 Nxd3 ({RR} 18... Nd5 19. Qh6 Nf6 20. Ng5) 19. Qh6 Re8 20. Qxh7+ ({RR} 20. Ng5 Qf6 21. Ne4 Qxd4 22. Qg5 Kg7) 20... Kf8 21. Qh6+ Ke7 22. Qg5+ Kd6 ({RR} 22... Kd7 23. Qb5+) 23. Qb5 g5 24. Nxg5) 17. Ng5 ({RR} 17. Bxb4 Nxb4 18. Bb1 Bxf3) ({RR} 17. Ne5 Qc7) 17... Be7 ({RR} 17... h5 18. g4 ({RR} 18. Rxh5 Bxd2 ({RR} 18... gxh5 19. Qxh5 Nf6 20. Qh6) 19. Qxd2 gxh5 20. Ne4 f6 21. Qh6 Qc7) 18... Bxd2 19. Qxd2 Nb4 ({RR} 19... Nf6 20. gxh5 Qc6 21. Ne4) 20. Be4 ({RR} 20. Qxb4 Qc1+ 21. Bf1 Qxg5) ({RR} 20. gxh5 Nxd3 21. hxg6 fxg6) 20... Bxe4 21. Nxe4 Qd8 ({RR} 21... Qc2 22. Nf6+ Kg7 23. Qg5) 22. Rh3 hxg4 23. Rh8+ Kxh8 24. Qh6+ Kg8 25. Ng5 Qxg5 26. Qxg5) ({RR} 17... Bxd2 18. Qxd2 Nf6 ({RR} 18... h5 19. Nf3 Kg7 20. Rxh5) ({RR} 18... Qc6 19. Nxh7 Rc8 20. Bf1 Qc1 21. Qe2 Nf4 22. Qe3 Bxg2 23. Nf6+ Kg7 ({RR} 23... Kf8 24. Rh8+ Kg7 ({RR} 24... Ke7 25. Re8+) 25. Ne8+) 24. Ne8+ Kf8 25. Rh8+ Ke7 26. Qa3+ Rc5 27. Qxa7+) 19. Nxh7 Nxh7 20. Qh6 {RR} Rd8 21. Qxh7+ Kf8 22. Qh6+) 18. Qg4 Ba6 ({RR} 18... Nf6 19. Qh3 h5 20. g4 Qc6 21. f3 Qa4) ({RR} 18... f5 19. Qe2) 19. Qh3 ({RR} 19. Rxh7 Bxg5 20. Qxg5 Kxh7 21. Bxg6+ fxg6 22. Qh6+) 19... h5 ({RR} 19... Bxd3 20. Rxh7 Qc2 ({RR} 20... Bf6 21. Rg7+ ({RR} 21. Rh8+) 21... Bxg7 22. Qh7#) ({RR} 20... Bxg5 21. Bxg5) 21. Rh8+ Kg7 22. Rg8+ ({RR} 22. Qh7+ Kf6 23. Ne4+ Bxe4 24. Bg5+ Kxg5 25. Qh4+ Kf5 26. g4+ Kf4 27. Qg3+ Kg5 28. h4+ Kf6 29. Qe5#) 22... Rxg8 23. Qh7+ Kf6 24. Qxf7#) ({RR} 19... Bxg5 20. Bxg5 h5 21. Bb1 ({RR} 21. g4)) 20. Rxh5 ({RR} 20. Bxa6 Qxa6) 20... gxh5 21. Bh7+ Kg7 ({RR} 21... Kh8 22. Qxh5 Nf6 23. Qh4 ({RR} 23. Qh6 Ng4 ({RR} 23... Bc4 24. Bb1+ Kg8 25. Nh7 Nd5 26. Nxf8) {RR} 24. Qh3) 23... Bb7 ({RR} 23... Kg7 24. Nxe6+) 24. Bb1+ Kg8 25. Nh7) 22. Qxh5 Nf6 ({RR} 22... Bb4 23. Nxf7 Rxf7 24. Qh6+ ({RR} 24. Bg5 Qe8 ({RR} 24... Kf8 25. Bg6 Rg7 26. Qh8+ Rg8 27. Qh7 Rg7 28. Bh6 Qc1+ 29. Bxc1 Rxh7 30. Bxh7) 25. Qh6+ Kh8 26. Bf5+ Kg8 27. Bxe6 Bd3) 24... Kh8 25. Bf5+ Kg8 26. Qg6+ ({RR} 26. Bxe6 Qc2 ({RR} 26... Bxd2 27. Qg6+) 27. Qg5+ ({RR} 27. Bxf7+ Kxf7 28. Qh5+) 27... Kh8 28. Qe5+ Rg7 29. Qh5+ Qh7 30. Qe8+ Rg8 31. Bxg8 Qb1+ 32. Be1 ({RR} 32. Qe1 Qxe1+ 33. Bxe1 Kxg8) 32... Nf6) 26... Kh8 ({RR} 26... Rg7 27. Bxe6+ Kh8 28. Qh5+ Rh7 29. Qe5+) ({RR} 26... Kf8 27. Bxe6) 27. Bxe6 Qg8 28. Qxf7 Qxf7 29. Bxf7 Bxd2 30. Bxd5 Bc1 31. b3 Bb2) ({RR} 22... Bxg5 23. Bxg5 ({RR} 23. Qxg5+ Kxh7 24. Qh6+ Kg8 25. Qg5+) 23... f6 24. Be4 ({RR} 24. Qg6+ Kh8 25. Bh6 ({RR} 25. Qh6 Rf7) ({RR} 25. Bg8 Qd7) 25... Qc7 26. Bxf8 Qc1#) 24... Rh8 ({RR} 24... f5 25. Bh6+ Kf6 26. Qg5+ Kf7 27. Qg7+) 25. Qg6+ Kf8 26. Bxd5 exd5 27. Qxf6+ Kg8 28. Qg6+ Kf8 29. Qf6+ ({RR} 29. h4 Qd7) ({RR} 29. Bd2 Qc4 30. h3)) ({RR} 22... f6 23. Nxe6+ Qxe6 24. Qh6+) ({RR} 22... Be2 23. g4 ({RR} 23. f3 Nf6 24. Nxe6+ fxe6 25. Qh6+ Kh8 26. Bf5+ Kg8 27. Qg5+ Kh8 28. Qh4+ Kg7 29. Qg3+ Kh8 30. Qh3+ Kg7 31. Bxe6)) 23. Nxe6+ fxe6 ({RR} 23... Qxe6 24. Qh6+ Kh8 25. Bf5+ Kg8 26. Bxe6 fxe6 27. Qg6+ Kh8 28. Bh6 Rg8 29. Qf7 Bd8 30. Bf4) 24. Qh6+ Kh8 25. Bf5+ Kg8 {Jussupow,A (2625)-Ivanchuk,V (2735) Brussels 1991 Candidates [Lautier,Joel] 1-0 (38)}) ({RR} 11. Re1 Nd7 ({RR} 11... Nc6 12. Nxd5 Bxd2 ({RR} 12... Qxd5 13. Be4 Qd6 14. Bxb4 Qxb4 15. Qc2 h6 16. Bxc6 Rac8 17. Qa4) 13. Qxd2 Qxd5 14. Be4 Qd7 15. Rad1)) ({RR} 11. Qe2 Nd7 12. Rac1 N7f6 13. Ne5 Rc8 14. Rfd1 Qe7 15. Ba6 Rfd8 16. h3 Bd6) 11... Be7 ({RR} 11... Nd7 12. Nxd5 Bxd2 13. Nxb6 Nxe5 14. Bxh7+ Kxh7 15. Nxa8 Qd5 16. Qh5+ Kg8 17. Qh3 Ng6 18. Nc7 Qd7 19. Rfd1 Bf4 20. d5 Bxc7 21. dxe6 Qxe6 22. Qxe6 fxe6 23. Rd7 Rf7 24. Rad1 Bd5 25. Rxf7 Kxf7 26. b3 {Daulet,A (2067)-Kocharin,T (2264) chess.com INT 2025 0-1}) 12. Re1 Nd7 13. Qh5 f5 $146 ({RR} 13... N7f6 14. Qh3 Nb4 15. Bb1 Qxd4 16. Bg5 g6 17. Bh6 Bc5 18. Re2 Rfd8 19. Bxg6 hxg6 20. Nxf7 Re8 21. Ne5 Ba6 22. Qg3 Bd3 23. Rd1 Nh5 24. Qg5 Nf4 25. Rxd3 Nbxd3 26. Re3 Nxe5 27. Rxe5 Rad8 {0-1 (27) Batsiashvili,N (2472)-Jaferian,K (2227) Chess.com INT 2022}) 14. Nxd7 Qxd7 15. Bb5 Qd6 16. Bc4 Bf6 17. Rad1 Rad8 18. Bb3 a6 19. Bc1 Rfe8 20. h3 b5 21. Qe2 Nxc3 22. bxc3 Bd5 23. c4 bxc4 24. Bxc4 Bxc4 25. Qxc4 Qd5 26. Qxa6 Ra8 27. Qd3 Rxa2 28. Be3 Ra4 29. Rd2 Rd8 30. Red1 h6 31. f3 Rb4 32. Bf2 Rdb8 33. Qe2 Rb1 34. Qe1 Rxd1 35. Rxd1 Rb2 36. Rd2 Rxd2 37. Qxd2 e5 38. Qd3 exd4 39. Kf1 Qe5 40. Be1 h5 41. Qe2 Kf7 42. Qxe5 Bxe5 43. Ke2 Ke6 44. Kd3 Kd5 45. Bd2 g6 46. Bg5 Bd6 47. Bd2 Bg3 48. Bg5 Bf2 49. Bf6 Be3 50. Bg7 g5 51. Bf6 g4 52. fxg4 fxg4 53. hxg4 hxg4 54. Bg7 Bf2 55. Bf6 Be3 56. Bg7 Bf2 57. Bf6 Be3 1/2-1/2

[Event "chess.com SpeedChess 2024"]
[Site "chess.com INT"]
[Date "2024.07.31"]
[Round "1.14"]
[White "Sarana, A.."]
[Black "Caruana, F.."]
[Result "1/2-1/2"]
[WhiteElo "2717"]
[BlackElo "2796"]
[PlyCount "81"]
[EventDate "2024.07.25"]
[EventType "k.o."]

1. d4 Nf6 2. c4 e6 3. Nc3 Bb4 4. e3 b6 5. Nf3 Bb7 6. Bd3 O-O 7. O-O c5 8. Na4 cxd4 9. a3 Be7 10. exd4 Bxf3 11. Qxf3 Nc6 12. Be3 e5 13. dxe5 Nxe5 14. Qf5 ({RR} 14. Qe2 d5 15. Rfd1 Nxd3 16. Qxd3 dxc4 17. Qxc4 Qc8 18. Qb5 Ng4 19. Bf4 Qc2 20. Rd2 Qg6 21. Re1 Qf6 22. g3 g5 23. Bc7 Rfc8 24. Qd7 Bf8 25. Nc3 Qg6 26. Qxg4 Rxc7 27. Nd5 Rc6 28. Re5 h6 {Sarana,A (2717)-Caruana,F (2796) chess.com INT 2024 ½-½ (77)}) 14... Nxd3 15. Qxd3 d5 16. c5 bxc5 $146 ({RR} 16... Qd7 17. b3 bxc5 18. Nxc5 Qg4 19. h3 Qh5 20. b4 Rfe8 21. Rfe1 a5 22. Bd4 axb4 23. axb4 Rab8 24. b5 Bxc5 25. Rxe8+ Rxe8 26. Bxc5 Ne4 27. Bd4 Qf5 28. b6 Qc8 29. Qb5 Nd6 30. Qxd5 Rd8 31. Qg5 {Gumularz,S (2587)-Janik,I (2548) Poland POL 2023 1-0 (34)}) 17. Bxc5 Re8 18. b4 Ne4 19. Bd4 Qd7 20. Nc3 Nxc3 21. Qxc3 Rac8 22. Qb2 Bf8 23. Rfd1 Rc4 24. Rac1 Rec8 25. h3 Qa4 26. Qa1 a5 27. Rxc4 dxc4 28. Bc3 axb4 29. axb4 Qxa1 30. Rxa1 Rb8 31. Rb1 f6 32. b5 Bc5 33. Kf1 Kf7 34. Ba5 Ke6 35. Bc7 Rb7 36. b6 Kd5 37. Ke2 Kc6 38. Rc1 Kd5 39. Rb1 Kc6 40. Rc1 Kd5 41. Rb1 1/2-1/2

[Event "AI Cup Div 2 W"]
[Site "chess.com INT"]
[Date "2023.09.26"]
[Round "2.2"]
[White "Sarana, A.."]
[Black "Caruana, F.."]
[Result "1/2-1/2"]
[WhiteElo "2693"]
[BlackElo "2786"]
[PlyCount "149"]
[EventDate "2023.09.25"]
[EventType "k.o."]

1. d4 Nf6 2. c4 e6 3. Nc3 Bb4 4. e3 O-O 5. Bd3 d5 6. Nf3 dxc4 7. Bxc4 c5 8. O-O Nc6 9. a3 Ba5 10. Qd3 h6 11. Ne4 cxd4 12. exd4 Bb6 13. Rd1 Nd5 $146 ({RR} 13... e5 14. d5 Nd4 15. Nxd4 Bxd4 16. Nxf6+ Qxf6 17. Be3 Bxb2 18. Ra2 Bf5 19. Qd2 Bd4 20. Bxd4 exd4 21. Qxd4 Qxd4 22. Rxd4 Rac8 23. f3 Rfd8 24. Rb2 b6 25. g4 Bd7 26. d6 b5 27. Bxb5 Rb8 28. Rdb4 {Hodysh,Y (2401)-Parligras,M (2507) Austria AUT 2025 ½-½ (31)}) 14. Ba2 Bc7 15. Bd2 b6 16. Rac1 Bb7 17. Bb1 f5 18. Nc3 Nce7 19. Re1 Rf6 20. Ba2 a6 21. Re2 Qd7 22. Rce1 Rd8 23. Bc1 Kh8 24. Bd2 b5 25. Ne5 Qe8 26. Qh3 Bxe5 27. Rxe5 Qg6 28. Ne2 Kg8 29. Bb4 Nxb4 30. Nf4 Bxg2 31. Qh4 Nxa2 32. Nxg6 Nxg6 33. Qg3 Bd5 34. Rxd5 Rxd5 35. Rd1 Kh7 36. Qb3 Nh4 37. Qxa2 Nf3+ 38. Kh1 Nxd4 39. Kg2 Rd8 40. a4 e5 41. axb5 axb5 42. Kf1 e4 43. Qa7 Nc6 44. Qa1 Nd4 45. Qa7 Rfd6 46. Qf7 R6d7 47. Qa2 Nf3 48. Rxd7 Rxd7 49. h4 Rd1+ 50. Kg2 Rg1+ 51. Kh3 Rg4 52. h5 Rh4+ 53. Kg3 f4+ 54. Kg2 Rxh5 55. Qa8 Re5 56. Kf1 g5 57. Qc6 Kg7 58. b4 h5 59. Qd7+ Kg6 60. Qd6+ Kf5 61. Qd7+ Kf6 62. Qd8+ Kg6 63. Qd6+ Kf7 64. Qd7+ Kf6 65. Qd8+ Ke6 66. Qe8+ Kd6 67. Qd8+ Kc6 68. Qa8+ Kc7 69. Qa7+ Kd6 70. Qb6+ Ke7 71. Qc7+ Ke6 72. Qc6+ Ke7 73. Qc7+ Ke6 74. Qc6+ Ke7 75. Qc7+ 1/2-1/2

[Event "Airthings Play-In Match"]
[Site "chess.com INT"]
[Date "2023.02.03"]
[Round "1.3"]
[White "Sarana, A.."]
[Black "Caruana, F.."]
[Result "1-0"]
[WhiteElo "2668"]
[BlackElo "2766"]
[PlyCount "107"]
[EventDate "2023.02.03"]
[EventType "k.o."]

1. d4 Nf6 2. c4 e6 3. Nc3 Bb4 4. e3 O-O 5. Bd3 c5 6. Nge2 Nc6 7. O-O d5 8. cxd5 exd5 9. a3 c4 10. Bc2 Bd6 ({RR} 10... Ba5 11. f3 Re8 12. Kh1 a6 13. Qe1 b5 14. Qh4 b4 15. axb4 Nxb4 16. Ba4 Re6 17. Nf4 Rd6 18. e4 dxe4 19. fxe4 Rxd4 20. Nfe2 Ng4 21. Qh5 g6 22. Qc5 Qd6 23. Qxd6 Rxd6 24. Bf4 Rf6 25. h3 {LCZero 0.31-dag-5350a2e-BT4-6 (3631)-Stockfish dev-20240728-2343f7 (3662) tcec-chess.com INT 2024 ½-½ (49)}) ({RR} 10... Ba5 11. f3 a6 12. Kh1 Re8 13. Qe1 h6 14. Qh4 b5 15. g4 b4 16. axb4 Nxb4 17. Bb1 Bc7 18. g5 Nh7 19. Bxh7+ Kxh7 20. e4 Be6 21. Rg1 Bd6 22. Bf4 Bf8 23. Qg3 g6 24. gxh6 Nd3 25. Bg5 {Vitiugov,N (2671)-Svane,F (2667) London ENG 2025 0-1 (43)}) 11. Ng3 Rb8 $146 ({RR} 11... Re8 12. Re1 Bg4 13. f3 Be6 14. Nf1 h5 15. b3 cxb3 16. Bxb3 Rc8 17. Ba2 Na5 18. Qd3 a6 19. e4 dxe4 20. fxe4 Nb3 21. Bxb3 Bxb3 22. Bg5 Be7 23. Rac1 Bxa3 24. Rb1 Bc4 25. Qd2 Bxf1 26. Rxf1 {Messner,H (2280)-Csiszar,C (2410) Budapest 1998 ½-½}) 12. Nb5 Be7 13. f3 a6 14. Nc3 b5 15. Nce2 a5 16. e4 b4 17. e5 Ne8 18. axb4 axb4 19. Be3 b3 20. Bb1 Nc7 21. Kh1 Nb5 22. Qd2 Re8 23. f4 f6 24. Nf5 Bb4 25. Qd1 Bxf5 26. Bxf5 Nd6 27. Bb1 f5 28. g4 fxg4 29. Ng3 Qh4 30. Ra6 Nd8 31. f5 c3 32. bxc3 Nc4 33. Bf2 Bf8 34. f6 Ne6 35. Nf5 Qh3 36. Rg1 g6 37. Rxg4 Ra8 38. Rxa8 Rxa8 39. Rg3 Qxg3 40. hxg3 b2 41. Ne3 Ra1 42. Nxc4 dxc4 43. Kg2 Nc7 44. Qc2 Ba3 45. Qe4 Kf7 46. d5 Rxb1 47. Qxb1 Nxd5 48. Bd4 Ke6 49. Kf3 Nc7 50. Ke4 Nb5 51. Qf1 Kd7 52. Kd5 Bf8 53. e6+ Ke8 54. Qxc4 1-0

[Event "chess.com SpeedChess 2024"]
[Site "chess.com INT"]
[Date "2024.07.31"]
[Round "1.18"]
[White "Sarana, A.."]
[Black "Caruana, F.."]
[Result "0-1"]
[WhiteElo "2717"]
[BlackElo "2796"]
[PlyCount "100"]
[EventDate "2024.07.25"]
[EventType "k.o."]

1. d4 Nf6 2. c4 e6 3. Nc3 Bb4 4. e3 b6 5. Nge2 Ba6 6. Qa4 c5 7. a3 Bxc3+ 8. Nxc3 O-O 9. d5 exd5 10. cxd5 Bxf1 11. Kxf1 ({RR} 11. Rxf1 d6 12. f3 Nbd7 13. e4 Ne5 14. Qc2 b5 15. Bf4 Re8 16. Nxb5 Nxd5 17. Bxe5 Rxe5 18. Qd2 Rb8 19. Nc3 Nb6 20. Rf2 d5 21. Qf4 Re8 22. Rc1 Nc4 23. Nxd5 Nxb2 24. Rd2 c4 25. Nb4 Nd3+ {Sarana,A (2717)-Caruana,F (2796) chess.com INT 2024 1-0 (62)}) 11... d6 12. f3 Nbd7 13. e4 Ne5 $146 ({RR} 13... a6 14. g3 Ne5 15. Kg2 Nfd7 16. Qc2 c4 17. Be3 Nc5 18. Bxc5 bxc5 19. f4 Nd3 20. b3 Rb8 21. Rab1 Qf6 22. Ne2 Rfe8 23. Qxc4 Nb4 24. Rhe1 g5 25. axb4 Rxb4 26. Qc3 Qe7 27. e5 Qb7 28. Qf3 {Johannessen,L (2407)-Brynell,S (2489) Oslo 2001 1-0 (39)}) 14. Qc2 b5 15. Kf2 Qb6 16. Be3 a5 17. h3 b4 18. Ne2 Rfb8 19. Rhb1 Qb5 20. Rd1 Qc4 21. Rac1 Qxc2 22. Rxc2 bxa3 23. bxa3 Rb3 24. Rc3 a4 25. Bf4 Nfd7 26. Bxe5 Nxe5 27. f4 Nd7 28. Rdd3 Rab8 29. g4 h6 30. Ke3 g5 31. Rd2 gxf4+ 32. Kxf4 Ne5 33. Rdc2 Rb1 34. Ng3 R8b3 35. g5 hxg5+ 36. Kxg5 Ra1 37. Kf6 Raxa3 38. Rxb3 axb3 39. Rg2 Ra2 40. Rg1 Nf3 41. Rb1 b2 42. e5 Nd2 43. Rxb2 Rxb2 44. exd6 c4 45. d7 Rb8 46. Ke7 c3 47. Ne2 c2 48. d8=Q+ Rxd8 49. Kxd8 Ne4 50. Ke7 f5 0-1

[Event "chess.com SpeedChess 2024"]
[Site "chess.com INT"]
[Date "2024.07.31"]
[Round "1.20"]
[White "Sarana, A.."]
[Black "Caruana, F.."]
[Result "1-0"]
[WhiteElo "2717"]
[BlackElo "2796"]
[PlyCount "167"]
[EventDate "2024.07.25"]
[EventType "k.o."]

1. d4 Nf6 2. c4 e6 3. Nc3 Bb4 4. Qc2 O-O 5. e4 d5 6. e5 Ne4 7. Bd3 c5 8. a3 Bxc3+ 9. bxc3 cxd4 10. cxd4 Nc6 11. Ne2 Qa5+ 12. Kf1 f6 13. exf6 Rxf6 $146 ({RR} 13... Nxf6 14. h3 Kh8 15. Bb2 dxc4 16. Bxc4 Bd7 17. Kg1 Rac8 18. Qd3 Nd5 19. g3 Nce7 20. f4 Qb6 21. Bc1 e5 22. fxe5 Rxc4 23. Qxc4 Bb5 24. Qc5 Qxc5 25. dxc5 Bxe2 26. Rh2 Rf1+ 27. Kg2 Ne3+ 28. Bxe3 {Gudmundsson,G (1844)-Sylvan,J (2307) Reykjavik 2021 0-1 (38)}) ({RR} 13... Nb4 14. axb4 Qxa1 15. Bxe4 dxe4 16. fxg7 Rf7 17. Qxe4 e5 18. dxe5 Bf5 19. Qd5 Re8 20. f4 Be6 21. Qd4 Qxd4 22. Nxd4 Bxc4+ 23. Ke1 Rd8 24. Be3 Rfd7 25. e6 Rxg7 26. Kf2 Bd5 27. Rg1 h5 28. g3 {Kanyamarala,T (2389)-Berend,F (2219) Eforie Nord ROU 2025 ½-½ (74)}) 14. f3 Rf7 15. Kg1 Nf6 16. Bd2 Qd8 17. c5 e5 18. dxe5 Nxe5 19. Nd4 Bd7 20. Re1 Nxd3 21. Qxd3 Rc8 22. Be3 Re7 23. Rc1 Qe8 24. Kf2 Qh5 25. Bf4 Rce8 26. Rhd1 Ba4 27. Rf1 Bd7 28. Kg1 Rc8 29. Qd2 Qf7 30. Bd6 Ree8 31. Rfe1 Rxe1+ 32. Rxe1 Re8 33. Rb1 Bc6 34. h3 Nd7 35. Re1 Rxe1+ 36. Qxe1 Nf6 37. Qg3 Bd7 38. Bb8 a6 39. Be5 Qg6 40. Qxg6 hxg6 41. h4 Nh7 42. Bd6 Kf7 43. Kf2 g5 44. h5 g4 45. Kg3 Ng5 46. fxg4 Ne4+ 47. Kf4 b6 48. Nb3 Ba4 49. cxb6 Nxd6 50. Na5 d4 51. b7 Nxb7 52. Nxb7 d3 53. Ke3 Bc6 54. Nc5 Bxg2 55. Nxd3 Kf6 56. Kf4 g5+ 57. Ke3 Bd5 58. Nf2 Kg7 59. Ne4 Kh6 60. Nd6 Be6 61. Kf3 Bd5+ 62. Kg3 Be6 63. Nb7 Bd5 64. Nc5 Bc4 65. Nb7 Kg7 66. Nd6 Be6 67. Ne4 Kh6 68. Nd6 Kg7 69. Nf5+ Kh7 70. Ne3 Bb3 71. Kf3 Kh6 72. Ke4 Be6 73. Ke5 Bb3 74. Kf6 Ba2 75. Nf5+ Kh7 76. Kxg5 Bb1 77. Kf6 Bc2 78. g5 Bd1 79. g6+ Kh8 80. h6 Kg8 81. h7+ Kh8 82. Kg5 Bc2 83. Kh6 Bxf5 84. g7# 1-0

[Event "Airthings Play-In Match"]
[Site "chess.com INT"]
[Date "2023.02.03"]
[Round "1.2"]
[White "Sarana, A.."]
[Black "Caruana, F.."]
[Result "1-0"]
[WhiteElo "2668"]
[BlackElo "2766"]
[PlyCount "89"]
[EventDate "2023.02.03"]
[EventType "k.o."]

1. d4 Nf6 2. c4 e6 3. Nc3 Bb4 4. e3 O-O 5. Bd3 c5 6. Nge2 Nc6 7. O-O d5 8. a3 cxd4 9. axb4 dxc3 10. b5 $146 ({RR} 10. bxc3 Ne5 11. cxd5 Nxd3 12. Qxd3 Qxd5 13. Qc2 Bd7 14. Rd1 Qc4 15. Rd4 Qc7 16. e4 Rfc8 17. Bg5 Ng4 18. Bf4 e5 19. Bg3 Bb5 20. Rad1 Qe7 21. Rd6 f6 22. Qd2 Nh6 23. f3 Nf7 24. Rd5 Bc6 {Kunin,V (2070)-Gromadin,G Moscow 1996 ½-½ (35)}) ({RR} 10. bxc3 Ne5 11. cxd5 Nxd3 12. Qxd3 Qxd5 13. Qxd5 Nxd5 14. e4 Nb6 15. Be3 Nc4 16. Rxa7 Rxa7 17. Bxa7 b6 18. Rd1 e5 19. Ng3 g6 20. Bb8 Bg4 21. f3 Bxf3 22. gxf3 Rxb8 23. Rd7 Ra8 24. Rc7 Ra1+ {Sarana,A (2685)-Ter Sahakyan,S (2598) chess.com INT 2023 ½-½ (40)}) ({RR} 10. bxc3 dxc4 11. Bxc4 Qc7 12. Bb3 Rd8 13. Qc2 b6 14. e4 Qe5 15. Ng3 Nxb4 16. cxb4 Qxa1 17. Bb2 Qa6 18. Bxf6 gxf6 19. Qc3 Qd3 20. Qxf6 Ba6 21. Bxe6 fxe6 22. Qxe6+ Kf8 23. Qf6+ Kg8 24. Qe6+ Kf8 {Lobanov,S (2508)-Aronian,L (2745) chess.com INT 2025 ½-½}) 10... Ne5 11. c5 Ne4 12. Bxe4 dxe4 13. Nxc3 f5 14. b6 a6 15. Nb5 Bd7 16. Nc7 Rc8 17. Qd4 Qf6 18. Bd2 Bb5 19. Nxb5 axb5 20. Bc3 Nc6 21. Qd6 e5 22. Qxf6 gxf6 23. f3 Rcd8 24. fxe4 fxe4 25. g4 Rd3 26. Kf2 b4 27. Be1 Rb3 28. Ra2 Rd8 29. Ke2 Rdd3 30. Rxf6 Rxe3+ 31. Kd1 Rbd3+ 32. Bd2 Rf3 33. Rxc6 bxc6 34. Ke2 Kg7 35. Ra7+ Kg6 36. b7 Rf8 37. Bxb4 Rb8 38. Bc3 Rd7 39. Ra6 Rbxb7 40. Rxc6+ Kg5 41. Re6 Kxg4 42. c6 Rdc7 43. cxb7 Rxb7 44. Rxe5 Kh3 45. Rh5+ 1-0